LEADER 01079nam a2200301 u 4500 001 000000060798 003 CaOOAMICUS 005 20070226120943.0 008 010802s1995 it u000 u ita u 020 $a8871050401 035 $a10899361 040 $aPUL(R)$bita 100 1 $aColombo, Giuseppe,$d1923-2005.$0(OLS)http://pul/name/6748 245 13$aLa ragione teologica /$cGiuseppe Colombo. 260 $aMilano :$bGlossa,$c1995. 300 $aix, 814 p. ;$c24 cm 490 1 $aQuaestio ;$v3 500 $aComprende indici. 504 $aBibliografia in nota. 650 4$aTeologia.$0(OLS)http://pul/subject/118 830 0$aQuaestio ;$v3.$0(OLS)http://pul/title/40490 850 $aPUL 852 $aPUL$W1$xSL Religione 1$y3$m57 B 63$j79307$nBK-PRI$b $qStampati$B79307$CPULBib$Z2$F79307 $H $81 941 1 $a8 961 $aINV: 73909 996 $6020$a8871050401$9(OLS)http://pul/number/78620 996 $6245$aLa ragione teologica$9(OLS)http://pul/title/81243 996 $6260$aMilano :$bGlossa$9(OLS)http://pul/publisher/53656 LEADER 01480nam a2200325 a 4500 001 000000125992 003 CaOOAMICUS 005 20110713124723.0 008 110713s2011 it u000 u ita r 040 $aPUL$bita 041 1 $aita$heng 082 04$a150 100 1 $aGoleman, Daniel,$d1946-$0(OLS)http://pul/name/64933 240 10$aEcological intelligence.$lItaliano.$0(OLS)http://pul/title/159042 245 10$aIntelligenza ecologica /$cDaniel Goleman ; prefazione di Mario Tozzi ; traduzione di Daniele Didero. 260 $aMilano :$bR.C.S. Libri,$cİ2011. 300 $aXIII, 275 p. ;$c23 cm 490 1 $aBiblioteca della mente. Psicopatologia della nostra vita quotidiana ;$v6 500 $aEd. speciale su licenza per Corriere della Sera. 650 4$aEcologia$xAspetti politici e sociali.$0(OLS)http://pul/subject/35211 700 1 $aTozzi, Mario.$0(OLS)http://pul/name/80108 700 1 $aDidero, Daniele,$d1973-$0(OLS)http://pul/name/75667 830 0$aBiblioteca della mente$pPsicopatologia della nostra vita quotidiana ;$v6.$0(OLS)http://pul/title/158466 850 $aPUL 852 $aPUL$W1$xDP2 Filosofia 3$y112$m150 COLL 4.6$j145175$qDDC 21$B144173$CPULBib$Z2$F144173 $H117672 $82 941 1 $a9 996 $6082$a150$9(OLS)http://pul/classification/361 996 $6245$aIntelligenza ecologica$9(OLS)http://pul/title/159043 996 $6260$aMilano :$bR.C.S. Libri$9(OLS)http://pul/publisher/74600